书目信息 |
| 题名: |
构建社会主义和谐社会的伟大纲领
|
|
| 作者: | 构建社会主义和谐社会的伟大纲领 | |
| 分册: | ||
| 出版信息: | 北京 人民日报出版社 2006.10 |
|
| 页数: | 60页 | |
| 开本: | 20cm | |
| 丛书名: | ||
| 单 册: | ||
| 中图分类: | D616 | |
| 科图分类: | ||
| 主题词: | 政治--中国 | |
| 电子资源: | ||
| ISBN: | 978-7-80208-433-9 | |
| 000 | 00722nam0 2200193 45 | |
| 001 | 2056059211 | |
| 005 | 20200514153532.07 | |
| 010 | @a978-7-80208-433-9@dRMB 5.50 | |
| 100 | @a20200514d2006 km y0chiy0120 ea | |
| 101 | 0 | @achi |
| 102 | @aCN@b110000 | |
| 200 | 1 | @a构建社会主义和谐社会的伟大纲领@Agou jian she hui zhu yi he xie she hui de wei da gang ling@f构建社会主义和谐社会的伟大纲领@Fgou jian she hui zhu yi he xie she hui de wei da gang ling |
| 210 | @a北京@c人民日报出版社@d2006.10 | |
| 215 | @a60页@d20cm | |
| 606 | 0 | @a政治@x中国 |
| 690 | @aD616@v4 | |
| 701 | 0 | @a构建社会主义和谐社会的伟大纲领@Agou jian she hui zhu yi he xie she hui de wei da gang ling |
| 801 | 0 | @aCN@bPFT@c20200514 |
| 905 | @a10447@dD616@eG4332 | |
| 构建社会主义和谐社会的伟大纲领/构建社会主义和谐社会的伟大纲领.-北京:人民日报出版社,2006.10 |
| 60页;20cm |
| ISBN 978-7-80208-433-9:RMB 5.50 |
| ● |
| 相关链接 |
|
|
|
正题名:构建社会主义和谐社会的伟大纲领
索取号:D616/G4332
 
预约/预借
| 序号 | 登录号 | 条形码 | 馆藏地/架位号 | 状态 | 备注 |
| 1 | 1303518 | 213035188 | 社科库509/509社科库 72排3列3层/ [索取号:D616/G4332] | 在馆 |